[Event "SVK-ch U16"]
[Site "Tatralandia"]
[Date "2024.04.12"]
[Round "9"]
[White "Lehocky, Tomas"]
[Black "Geletka, Tomas"]
[Result "0-1"]
[WhiteElo "1000"]
[BlackElo "1233"]
[PlyCount "26"]
[EventDate "2024.04.05"]
[EventType "swiss"]
[EventRounds "9"]
[EventCountry "SVK"]
[SourceTitle "CB16_2024"]
[SourceDate "2024.04.17"]
[SourceVersion "1"]
[SourceVersionDate "2024.04.17"]
[SourceQuality "1"]

1. e4 e5 2. Nf3 Nc6 3. Bc4 f5 4. Nc3 fxe4 5. Ng1 Nf6 6. Nge2 d5 7. Bb3 Bc5 8. h3 Be6 9. 0-0 Qd7 10. Ba4 Bxh3 11. gxh3 Qxh3 12. Re1 Bxf2+ 13. Kxf2 Ng4+ 0-1

[Event "SVK-ch U16"]
[Site "Tatralandia"]
[Date "2024.04.10"]
[Round "7"]
[White "Lehocky, Tomas"]
[Black "Bartos, Andrej"]
[Result "0-1"]
[WhiteElo "1000"]
[BlackElo "1000"]
[PlyCount "74"]
[EventDate "2024.04.05"]
[EventType "swiss"]
[EventRounds "9"]
[EventCountry "SVK"]
[SourceTitle "CB16_2024"]
[SourceDate "2024.04.17"]
[SourceVersion "1"]
[SourceVersionDate "2024.04.17"]
[SourceQuality "1"]

1. e4 e6 2. d4 d5 3. exd5 exd5 4. Nf3 Nf6 5. Bd3 Bd6 6. 0-0 0-0 7. Bg5 Bg4 8. Nbd2 Re8 9. c3 Nbd7 10. Qc2 h6 11. h3 Bxf3 12. Bxf6 Nxf6 13. Nxf3 c6 14. Rfe1 Qc7 15. Rxe8+ Rxe8 16. Re1 Rxe1+ 17. Nxe1 c5 18. c4 cxd4 19. cxd5 Qa5 20. Qc8+ Bf8 21. Qc1 Qxa2 22. Bc4 Qa5 23. Nf3 Bc5 24. Qe1 Qb6 25. b3 d3 26. Kf1 Bb4 27. Qe3 Bc5 28. Qxd3 Bxf2 29. Ke2 Bg3 30. Qe3 Qd6 31. Qxa7 Nxd5 32. Bd3 Nf4+ 33. Kd2 Qxd3+ 34. Kc1 Ne2+ 35. Kb2 Qc3+ 36. Kb1 Qc1+ 37. Ka2 Nc3# 0-1